00908 a2200217 4500003000500000005001700005020002200022020002900044035002100073035002400094040000900118082001000127100001800137245007900155260003100234300001100265520033300276650004000609650002800649651001300677Nust20170207154046.0 a0-415-32019-4 (m) a978-0-415-32019-1 (inb.) a(OCoLC)474398088 a(OCoLC)ocn474398088 cNust a423.11 aWynford Hicks10aQuite Literally (E-Book)bproblem words and how to use themcWynford Hicks aLondon :bRoutledge,c2004 a251 s.8 aWhat's an alibi, a bete noire? Should you split infinitives, end sentences with prepositions, start them with conjunctions? What about four-letter words, euphemisms, foreign words, Americanisms, cliches, slang, jargon? And does the Queen speak the Queen's English? In "Problem Words", Wynford Hicks answers questions like these. 4aEnglish languagexterms and phrases 4aEnglish languagexusage a(E-Book)